| 000 -LEADER |
| fixed length control field |
01344nam a2200169 4500 |
| 008 - FIXED-LENGTH DATA ELEMENTS--GENERAL INFORMATION |
| fixed length control field |
190513b ||||| |||| 00| 0 eng d |
| 100 ## - MAIN ENTRY--PERSONAL NAME |
| Personal name |
Belardinelli, Paolo et al |
| 245 ## - TITLE STATEMENT |
| Title |
Framing effects under different uses of performance information: an experimental study on public managers |
| 260 ## - PUBLICATION, DISTRIBUTION, ETC. (IMPRINT) |
| Date of publication, distribution, etc |
2018 |
| 300 ## - PHYSICAL DESCRIPTION |
| Extent |
p.841-851. |
| 520 ## - SUMMARY, ETC. |
| Summary, etc |
Combining insights from public administration, accounting, and psychology, this article explores the microprocesses by which public managers use performance information, investigating whether the type of performance information use and the request to justify decisions affect the way in which information is processed. The study draws on data from a series of artifactual survey experiments with Italian municipal executives. Findings show that managers process information differently under ex post rather than ex ante performance information uses. More specifically, managers are more likely to be subject to framing bias under ex post than under ex ante uses of performance information. This interaction seems to be robust when subjects are asked to provide justification for their decisions. - Reproduced. |
| 650 ## - SUBJECT ADDED ENTRY--TOPICAL TERM |
| Topical term or geographic name as entry element |
Public management |
| 9 (RLIN) |
5489 |
| 650 ## - SUBJECT ADDED ENTRY--TOPICAL TERM |
| Topical term or geographic name as entry element |
Performance apprisal |
| 9 (RLIN) |
5490 |
| 773 ## - HOST ITEM ENTRY |
| Main entry heading |
Public Administration Review |
| 906 ## - LOCAL DATA ELEMENT F, LDF (RLIN) |
| Subject DIP |
Public administration |
| 942 ## - ADDED ENTRY ELEMENTS (KOHA) |
| Source of classification or shelving scheme |
|
| Item type |
Articles |